| Поле | Инд. | ПП | Название | Значение |
|---|---|---|---|---|
| Тип записи | a | |||
| Библиографический уровень | b | |||
| 001 | Контрольный номер | 5ed3caf8d8aa4899925d19f2fff5b1f4 | ||
| 005 | Дата корректировки | 20250609103329.3 | ||
| 024 | 80 | a | Стандартный номер | 10.1140/epja/s10050-024-01452 |
| 040 | a | Служба первич. каталог. | Scopus | |
| 041 | 0_ | a | Код языка текста | rus |
| 097 | a | Костяева О.Г. | ||
| 100 | 1_ | a | Автор | Lykasov G. I. |
| 100 | 1_ | a | Автор | Malakhov A. I. |
| c | Титул (звания) | профессор (ученое звание); доктор физико-математических наук; заведующий кафедрой; | ||
| i | 000091041 | |||
| g | Прочие сведения | РИНЦ AuthorID: 22982 (http://elibrary.ru/author_profile.asp?id= 22982); SPIN-код: 9425-7549 (http://elibrary.ru/author_items.asp?authorid=22982); Scopus Author ID: 7005378952 (https://www.scopus.com/authid/detail.uri?authorId=7005378952); ResearcherID: D-5702-2016 (http://www.researcherid.com/rid/D-5702-2016) | ||
| j | Принадлежность неизвестного автора к последователям, ученикам, сторонникам, школе и т. д. | государственный университет "Дубна" | ||
| k | Кафедра фундаментальных проблем физики микромира; Инженерно-физический институт | |||
| q | Полное имя | Малахов Александр Иванович | ||
| u | Дополнение | Малахов А. И.; Malakhov Alexander I. | ||
| 100 | 1_ | a | Автор | Zaitsev A. A. |
| 245 | 10 | a | Заглавие | Production of charged kaons in ArSc collisions |
| 513 | a | передано и. о. проректора по научной работе и инновациям | ||
| b | 15.01.2025 | |||
| 773 | 18 | t | Название источника | European Physical Journal A |
| b | Сведения об издании | Springer | ||
| c | USA | |||
| d | Место и дата издания | 2024 | ||
| m | Специф. данные | входит в Белый список; входит в Scopus; входит в WoS; входит в ядро РИНЦ; зарубежный журнал; ненулевой импакт-фактор | ||
| q | У2 Белый список; Q1 Scopus 2023 | |||
| x | ISSN | 1434-6001 | ||
| g | Прочая информация | V. 60(12). - P. 239 | ||
| w | Контрольный № источника | cf72147606244e0cb6b2805a502f6a92 | ||
| n | Примечание | The European Physical Journal A | ||
| o | Прочие индексы | scopus 5.3 | ||
| 901 | t | Тип документа | b | |
| 952 | c | Вид литературы | статья в журнале |